000 00427nam a2200181Ia 4500
005 20250603145224.0
008 250603s9999 xx 000 0 und d
020 _a9780415884259
050 _aPN 4785 .J64/
100 _aFranklin, Bob
245 0 _aJournalism education, training and employment
260 _aNew York
260 _bRoutledge
260 _c2011
300 _a236 p
650 _aNew York
942 _cBK
999 _c41230
_d41230